[Event "New York State-ch 122nd"]
[Site "Saratoga Springs"]
[Date "2000.09.04"]
[Round "5"]
[White "Byrne, Robert Eugene"]
[Black "Nakamura, Hikaru"]
[Result "1/2-1/2"]
[WhiteElo "2439"]
[BlackElo "2281"]
[PlyCount "44"]
[EventDate "2000.09.01"]
[EventType "swiss"]
[EventRounds "6"]
[EventCountry "USA"]
[SourceTitle "EXT 2001"]
[Source "ChessBase"]
[SourceDate "2000.11.22"]
[SourceVersion "1"]
[SourceVersionDate "2000.11.22"]
[SourceQuality "1"]

1. d4 Nf6 2. c4 g6 3. g3 Bg7 4. Bg2 d5 5. cxd5 Nxd5 6. e4 Nb6 7. Ne2 0-0 8. 0-0 Nc6 9. d5 Na5 10. Nbc3 c6 11. b3 cxd5 12. exd5 Bg4 13. Bd2 e6 14. dxe6 fxe6 15. Rc1 Qd3 16. Be4 Qd7 17. f3 Bh3 18. Re1 Rad8 19. Bg5 Qxd1 20. Rexd1 Rxd1+ 21. Rxd1 Bf5 22. Rd8 Nc6 1/2-1/2

[Event "New York State-ch 122nd"]
[Site "Saratoga Springs"]
[Date "2000.09.04"]
[Round "6"]
[White "Byrne, Robert Eugene"]
[Black "Schneider, Dmitry"]
[Result "0-1"]
[WhiteElo "2439"]
[BlackElo "2382"]
[PlyCount "144"]
[EventDate "2000.09.01"]
[EventType "swiss"]
[EventRounds "6"]
[EventCountry "USA"]
[SourceTitle "EXT 2001"]
[Source "ChessBase"]
[SourceDate "2000.11.22"]
[SourceVersion "1"]
[SourceVersionDate "2000.11.22"]
[SourceQuality "1"]

1. d4 d5 2. c4 e6 3. Nc3 c6 4. e3 Bd6 5. Bd3 f5 6. f4 Nf6 7. Nf3 0-0 8. 0-0 b6 9. b3 a5 10. Bb2 Ne4 11. Rc1 Bb7 12. Na4 Na6 13. a3 Bc7 14. Qe2 Qe7 15. Rc2 h6 16. Ne5 Bxe5 17. fxe5 Qd8 18. cxd5 exd5 19. Qh5 b5 20. Nc3 Qg5 21. Qxg5 hxg5 22. Nxe4 dxe4 23. Be2 Nc7 24. Bc1 Nd5 25. g3 a4 26. b4 g6 27. Rc5 g4 28. h3 gxh3 29. Kh2 g5 30. Kxh3 g4+ 31. Kg2 Kg7 32. Bd2 Rac8 33. Rcc1 Kg6 34. Rh1 Rh8 35. Rxh8 Rxh8 36. Rh1 Rxh1 37. Kxh1 Bc8 38. Kg1 Be6 39. Kf2 Nb6 40. Ke1 Kf7 41. Bc1 Bb3 42. Kd2 Ke6 43. Kc3 Nd5+ 44. Kb2 Nc7 45. Kc3 Kd5 46. Bd2 Ne6 47. Be1 Ng5 48. Bf2 Nh3 49. Be1 Ng1 50. Bf1 Nf3 51. Bf2 Bd1 52. Bg2 Ng5 53. Bf1 Ne6 54. Be1 Ng7 55. Bf2 Bf3 56. Kd2 f4 57. exf4 Nf5 58. Be2 Bxe2 59. Kxe2 Kc4 60. Kd2 Kb3 61. d5 cxd5 62. e6 Kc4 63. Bc5 d4 64. e7 Ng7 65. f5 Ne8 66. Bd6 e3+ 67. Ke2 Kd5 68. Bf4 Ke4 69. Bh6 d3+ 70. Ke1 Kf3 71. Bf4 d2+ 72. Kd1 Kf2 0-1

[Event "New York op"]
[Site "New York"]
[Date "1994.??.??"]
[Round "1"]
[White "Beckman, Thomas J"]
[Black "Byrne, Robert Eugene"]
[Result "0-1"]
[WhiteElo "2220"]
[BlackElo "2460"]
[PlyCount "90"]
[EventDate "1994.03.30"]
[EventType "swiss"]
[EventRounds "9"]
[EventCountry "USA"]
[SourceTitle "CBM 040 Extra"]
[Source "ChessBase"]
[SourceDate "1994.07.01"]
[SourceVersion "1"]
[SourceVersionDate "1994.07.01"]
[SourceQuality "1"]

1. f4 c5 2. Nf3 Nc6 3. g3 g6 4. Bg2 Bg7 5. 0-0 d5 6. d3 Nf6 7. c3 0-0 8. Qe1 d4 9. Na3 Be6 10. h3 Nd5 11. Bd2 Rb8 12. Ng5 Bc8 13. Rc1 b6 14. g4 e6 15. Nc4 h6 16. Nf3 Bb7 17. Nfe5 Nde7 18. cxd4 Nxd4 19. b4 Bxg2 20. Kxg2 f6 21. Nf3 Rc8 22. bxc5 Rxc5 23. Nxd4 Qxd4 24. Bb4 Rc7 25. Bc3 Qd7 26. Rf3 Rfc8 27. Bb2 b5 28. Ne3 Rxc1 29. Bxc1 f5 30. Bd2 Nc6 31. Rg3 Kh7 32. gxf5 exf5 33. h4 Bf6 34. Kh3 h5 35. Qg1 Qf7 36. Qg2 Nd4 37. Nd5 Rc2 38. Nxf6+ Qxf6 39. Qb7+ Qg7 40. Qxg7+ Kxg7 41. Be1 Nxe2 42. Re3 Kf6 43. d4 Rxa2 44. Re8 Nxf4+ 45. Kg3 Ne2+ 0-1

[Event "US Open-95"]
[Site "Chicago"]
[Date "1994.??.??"]
[Round "8"]
[White "Byrne, Robert Eugene"]
[Black "Gelman, Charles L"]
[Result "1-0"]
[WhiteElo "2445"]
[BlackElo "2215"]
[PlyCount "73"]
[EventDate "1994.08.07"]
[EventType "swiss"]
[EventRounds "12"]
[EventCountry "USA"]
[SourceTitle "EXT 1997"]
[Source "ChessBase"]
[SourceDate "1996.11.15"]
[SourceVersion "1"]
[SourceVersionDate "1996.11.15"]
[SourceQuality "1"]

1. d4 Nf6 2. c4 e6 3. Nc3 c5 4. d5 exd5 5. cxd5 d6 6. e4 Nbd7 7. Nf3 g6 8. Be2 Bg7 9. 0-0 0-0 10. Bg5 a6 11. a4 Qc7 12. h3 Rb8 13. Nd2 Re8 14. Qc2 Nf8 15. f4 Bd7 16. a5 b5 17. axb6 Qxb6 18. Nc4 Qb3 19. Qxb3 Rxb3 20. Nxd6 Reb8 21. e5 Ne8 22. Nxe8 Bxe8 23. Bxa6 Rxb2 24. Ne4 Nd7 25. Be7 Bf8 26. Bxf8 Kxf8 27. Rf2 R8b4 28. Nd6 Nb6 29. Bb7 Ba4 30. f5 g5 31. Bc6 Bb3 32. Ra7 Bxd5 33. Bxd5 Nxd5 34. Rxf7+ Kg8 35. e6 c4 36. f6 c3 37. Rg7+ 1-0

[Event "New York op"]
[Site "New York"]
[Date "1994.??.??"]
[Round "8"]
[White "Byrne, Robert Eugene"]
[Black "Manion, Josh"]
[Result "1/2-1/2"]
[WhiteElo "2460"]
[BlackElo "2280"]
[PlyCount "25"]
[EventDate "1994.03.30"]
[EventType "swiss"]
[EventRounds "9"]
[EventCountry "USA"]
[SourceTitle "CBM 040 Extra"]
[Source "ChessBase"]
[SourceDate "1994.07.01"]
[SourceVersion "1"]
[SourceVersionDate "1994.07.01"]
[SourceQuality "1"]

1. e4 g6 2. d4 Bg7 3. Nc3 d6 4. f4 Nf6 5. Nf3 0-0 6. Be3 Nbd7 7. Be2 c5 8. 0-0 Ng4 9. Bc1 cxd4 10. Nxd4 Qb6 11. Bxg4 Qxd4+ 12. Kh1 Qxd1 13. Nxd1 1/2-1/2

[Event "US Open-95"]
[Site "Chicago"]
[Date "1994.??.??"]
[Round "?"]
[White "Pelts, Peter"]
[Black "Byrne, Robert Eugene"]
[Result "1-0"]
[WhiteElo "2280"]
[BlackElo "2445"]
[PlyCount "105"]
[EventDate "1994.08.07"]
[EventType "swiss"]
[EventRounds "12"]
[EventCountry "USA"]
[SourceTitle "EXT 1998"]
[Source "ChessBase"]
[SourceDate "1997.11.17"]
[SourceVersion "1"]
[SourceVersionDate "1997.11.17"]
[SourceQuality "1"]

1. Nf3 Nf6 2. c4 g6 3. Nc3 Bg7 4. e4 d6 5. d4 0-0 6. Be2 e5 7. 0-0 Nc6 8. d5 Ne7 9. Nd2 Nd7 10. b4 c6 11. a4 a5 12. bxa5 Qxa5 13. Qc2 c5 14. Nb5 Ra6 15. Nb3 Qd8 16. Be3 f5 17. f3 f4 18. Bf2 h5 19. Rfb1 g5 20. a5 Ng6 21. Nxd6 Rxd6 22. Nxc5 Nxc5 23. Bxc5 Ra6 24. Bxf8 Bxf8 25. c5 Rxa5 26. d6 Kg7 27. Kf1 Rxa1 28. Rxa1 Bd7 29. Qb2 Bc6 30. Bb5 Qd7 31. Bxc6 Qxc6 32. Qb4 Kf6 33. Rb1 Qa6+ 34. Qb5 Qa2 35. Rd1 Nh4 36. Qe2 Qa5 37. Qd2 Qb5+ 38. Qd3 Qd7 39. Rb1 g4 40. Qb5 Qxb5+ 41. Rxb5 gxf3 42. g3 fxg3 43. hxg3 Ng6 44. Rxb7 Ke6 45. Rh7 h4 46. gxh4 Nf4 47. d7 Be7 48. c6 Kd6 49. c7 Kxc7 50. Rxe7 Ng6 51. Rh7 Nf8 52. Rf7 Nxd7 53. h5 1-0

[Event "World op 20th"]
[Site "Philadelphia"]
[Date "1992.??.??"]
[Round "5"]
[White "Byrne, Robert Eugene"]
[Black "Goldin, Alexander"]
[Result "0-1"]
[WhiteElo "2455"]
[BlackElo "2595"]
[PlyCount "70"]
[EventDate "1992.06.??"]
[EventType "swiss"]
[EventRounds "9"]
[EventCountry "USA"]
[SourceTitle "TD"]
[Source "ChessBase"]
[SourceDate "1994.03.01"]
[SourceVersion "1"]
[SourceVersionDate "1994.03.01"]
[SourceQuality "1"]

1. e4 c5 2. Nf3 Nc6 3. d4 cxd4 4. Nxd4 Nf6 5. Nc3 d6 6. Bg5 Bd7 7. Bxf6 gxf6 8. Nf5 Qa5 9. Qh5 e6 10. Ng3 Qe5 11. 0-0-0 a6 12. Kb1 b5 13. Bd3 Be7 14. Rhf1 Qxh5 15. Nxh5 Rg8 16. g3 Rg5 17. Be2 b4 18. Na4 Rb8 19. f4 Ra5 20. b3 Na7 21. Nb2 Bb5 22. Nc4 Bxc4 23. bxc4 Nc6 24. f5 e5 25. Rd5 Ra3 26. Bd3 Rc8 27. Ka1 Na5 28. c5 Rxc5 29. Rxc5 dxc5 30. Bxa6 Kd7 31. Rd1+ Kc6 32. Bc8 Re3 33. Rd7 Re1+ 34. Kb2 Nc4+ 35. Kb3 Nb6 0-1

[Event "World op 20th"]
[Site "Philadelphia"]
[Date "1992.??.??"]
[Round "8"]
[White "Seltzer, Robert"]
[Black "Byrne, Robert Eugene"]
[Result "0-1"]
[WhiteElo "2270"]
[BlackElo "2455"]
[PlyCount "58"]
[EventDate "1992.06.??"]
[EventType "swiss"]
[EventRounds "9"]
[EventCountry "USA"]
[SourceTitle "TD"]
[Source "ChessBase"]
[SourceDate "1994.03.01"]
[SourceVersion "1"]
[SourceVersionDate "1994.03.01"]
[SourceQuality "1"]

1. e4 c5 2. Nf3 d6 3. d4 cxd4 4. Nxd4 Nf6 5. Nc3 a6 6. Be3 e5 7. Nf3 Be7 8. a4 Nc6 9. Bc4 0-0 10. 0-0 Be6 11. Bb3 Na5 12. Bxe6 fxe6 13. Qd3 Rc8 14. Rfd1 Nh5 15. Ne2 h6 16. b3 Qe8 17. c4 Qg6 18. Bd2 Nc6 19. b4 Kh8 20. Rdc1 d5 21. Ng3 Nxg3 22. hxg3 dxe4 23. Qc2 Qf5 24. Nh2 Nd4 25. Qd1 Qxf2+ 26. Kh1 Ne2 27. Ng4 Nxg3+ 28. Kh2 Nf1+ 29. Kh1 Qxd2 0-1

[Event "New York op"]
[Site "New York"]
[Date "1991.??.??"]
[Round "?"]
[White "Byrne, Robert Eugene"]
[Black "Waitzkin, Joshua"]
[Result "1/2-1/2"]
[WhiteElo "2465"]
[BlackElo "2320"]
[PlyCount "98"]
[EventDate "1991.03.??"]
[EventType "swiss"]
[EventRounds "9"]
[EventCountry "USA"]
[SourceTitle "EXT 1998"]
[Source "ChessBase"]
[SourceDate "1997.11.17"]
[SourceVersion "1"]
[SourceVersionDate "1997.11.17"]
[SourceQuality "1"]

1. e4 c5 2. Nf3 Nc6 3. d4 cxd4 4. Nxd4 Nf6 5. Nc3 d6 6. Bg5 e6 7. Qd2 a6 8. 0-0-0 Bd7 9. f4 b5 10. Bxf6 gxf6 11. Kb1 Qb6 12. Nxc6 Bxc6 13. Bd3 0-0-0 14. Rhf1 h5 15. f5 b4 16. Ne2 e5 17. c4 Bh6 18. Qe1 Rdg8 19. g3 Rg4 20. Nc1 h4 21. Qe2 Rhg8 22. c5 dxc5 23. Bxa6+ Kc7 24. Bd3 hxg3 25. hxg3 Bf8 26. Qc2 Rxg3 27. Bc4 Rg2 28. Qd3 Be7 29. Bxf7 Rd8 30. Qf3 Rgd2 31. Rxd2 Rxd2 32. Nb3 Rd8 33. Rc1 Qb5 34. Bd5 Ra8 35. Qg3 Bxd5 36. exd5 Qa6 37. Qg7 Kd6 38. Qg1 Qxa2+ 39. Kc2 Qa6 40. Nxc5 Qc4+ 41. Kd2 Qd4+ 42. Qxd4 exd4 43. Ne6 Rh8 44. Nc7 Kd7 45. Nb5 Rh2+ 46. Kd3 Bd6 47. Nxd6 Kxd6 48. Kxd4 Rd2+ 49. Ke4 Rxd5 1/2-1/2

[Event "London WFW"]
[Site "London"]
[Date "1991.??.??"]
[Round "?"]
[White "Plaskett, H James"]
[Black "Byrne, Robert Eugene"]
[Result "0-1"]
[WhiteElo "2480"]
[BlackElo "2465"]
[PlyCount "100"]
[EventDate "1991.05.??"]
[EventType "tourn"]
[EventRounds "13"]
[EventCountry "ENG"]
[EventCategory "11"]
[SourceTitle "CBM 024"]
[Source "ChessBase"]
[SourceDate "1991.10.01"]
[SourceVersion "1"]
[SourceVersionDate "1991.10.01"]
[SourceQuality "1"]

1. e4 c5 2. Nc3 d6 3. f4 Nc6 4. Nf3 g6 5. Bc4 Bg7 6. 0-0 Nf6 7. d3 0-0 8. Qe1 e6 9. e5 Ne8 10. Bb5 Bd7 11. Ne4 Qc7 12. Qh4 f5 13. Bxc6 Qxc6 14. Neg5 h6 15. Bd2 d5 16. Nh3 d4 17. Qg3 Nc7 18. Qxg6 Be8 19. Qg3 Kh7 20. Qh4 Rg8 21. Nfg5+ Kh8 22. g4 Bf8 23. gxf5 exf5 24. Kf2 Nd5 25. Rg1 Be7 26. Rg3 Rg6 27. Rag1 Kg8 28. Qh5 Rxg5 29. Qf3 Rg6 30. Rxg6+ Bxg6 31. Rxg6+ Qxg6 32. Qxd5+ Kh8 33. Qxb7 Bh4+ 34. Kf1 Rg8 35. Qf3 Kh7 36. b3 Rg7 37. a4 Qf7 38. Ng1 Rg4 39. Ne2 Rg7 40. b4 Be7 41. bxc5 Bxc5 42. c3 dxc3 43. Bxc3 Qb3 44. d4 Qd1+ 45. Kf2 Be7 46. a5 Ba3 47. e6 Re7 48. Qe3 Qb3 49. Qe5 Qxe6 50. Ng3 Qa2+ 0-1

[Event "London WFW"]
[Site "London"]
[Date "1991.??.??"]
[Round "?"]
[White "Sadler, Matthew D"]
[Black "Byrne, Robert Eugene"]
[Result "0-1"]
[WhiteElo "2440"]
[BlackElo "2465"]
[PlyCount "66"]
[EventDate "1991.05.??"]
[EventType "tourn"]
[EventRounds "13"]
[EventCountry "ENG"]
[EventCategory "11"]
[SourceTitle "CBM 024"]
[Source "ChessBase"]
[SourceDate "1991.10.01"]
[SourceVersion "1"]
[SourceVersionDate "1991.10.01"]
[SourceQuality "1"]

1. d4 d5 2. c4 dxc4 3. Nc3 a6 4. e3 Nf6 5. Bxc4 e6 6. Nf3 c5 7. 0-0 b5 8. Bd3 Bb7 9. dxc5 Bxc5 10. e4 Nbd7 11. Qe2 e5 12. Bg5 h6 13. Bh4 0-0 14. Rfd1 Qe7 15. Bc2 Nb6 16. Bg3 b4 17. Nb1 Rfd8 18. Nbd2 Bd6 19. Bb3 Kh7 20. Bh4 a5 21. Nf1 a4 22. Bc2 Qe6 23. Qb5 Be7 24. Rxd8 Rxd8 25. Bxf6 gxf6 26. Ne3 Qc6 27. Qe2 Bc5 28. Nd5 Kh8 29. Nxb6 Bxb6 30. h3 Ba6 31. Nxe5 fxe5 32. Qf3 Rd2 33. Bxa4 Rxf2 0-1

[Event "World op 18th"]
[Site "Philadelphia"]
[Date "1990.??.??"]
[Round "2"]
[White "Byrne, Robert Eugene"]
[Black "Harris, Derek JE"]
[Result "1-0"]
[WhiteElo "2460"]
[BlackElo "2215"]
[PlyCount "61"]
[EventDate "1990.06.??"]
[EventType "swiss"]
[EventRounds "9"]
[EventCountry "USA"]
[SourceTitle "EXT 1997"]
[Source "ChessBase"]
[SourceDate "1996.11.15"]
[SourceVersion "1"]
[SourceVersionDate "1996.11.15"]
[SourceQuality "1"]

1. e4 c5 2. Nf3 d6 3. d4 cxd4 4. Nxd4 Nf6 5. Nc3 a6 6. Be2 e5 7. Nb3 Be7 8. Be3 0-0 9. Qd2 Be6 10. 0-0-0 Nbd7 11. f4 exf4 12. Bxf4 Ne5 13. Nd4 Qd7 14. Nxe6 Qxe6 15. Rhe1 Rac8 16. Nd5 Nxd5 17. Qxd5 Rc5 18. Qxe6 fxe6 19. Bg3 Rfc8 20. c3 b5 21. Kb1 Rb8 22. Rd4 a5 23. a4 bxa4 24. Ka2 a3 25. Kxa3 Rc6 26. Ka2 Kf7 27. Ra4 Rcb6 28. Rb1 Nd7 29. Rxa5 Bf6 30. Ra3 R6b7 31. Bxd6 1-0

[Event "World op 18th"]
[Site "Philadelphia"]
[Date "1990.??.??"]
[Round "9"]
[White "Byrne, Robert Eugene"]
[Black "Rohde, Michael A"]
[Result "0-1"]
[WhiteElo "2460"]
[BlackElo "2555"]
[PlyCount "70"]
[EventDate "1990.06.??"]
[EventType "swiss"]
[EventRounds "9"]
[EventCountry "USA"]
[SourceTitle "EXT 1997"]
[Source "ChessBase"]
[SourceDate "1996.11.15"]
[SourceVersion "1"]
[SourceVersionDate "1996.11.15"]
[SourceQuality "1"]

1. e4 c5 2. Nf3 Nc6 3. d4 cxd4 4. Nxd4 Qb6 5. Nb3 Nf6 6. Nc3 e6 7. Bd3 Be7 8. 0-0 0-0 9. Bg5 h6 10. Be3 Qc7 11. f4 d6 12. Nb5 Qb8 13. c4 Nb4 14. Bb1 a6 15. N5d4 e5 16. Nf5 Bxf5 17. exf5 b5 18. fxe5 dxe5 19. Nd2 bxc4 20. Nxc4 e4 21. Qe2 Rd8 22. Bf2 Qb7 23. Re1 Nd3 24. Bxd3 Rxd3 25. Nd2 Bb4 26. Nxe4 Bxe1 27. Qxd3 Bxf2+ 28. Nxf2 Qxb2 29. Qb1 Qe5 30. a4 Rb8 31. Qf1 Rb2 32. Rb1 Ra2 33. Qxa6 Rxf2 34. Qc8+ Kh7 35. Kxf2 Qd4+ 0-1

[Event "New York op"]
[Site "New York"]
[Date "1990.??.??"]
[Round "6"]
[White "Byrne, Robert Eugene"]
[Black "Wojtkiewicz, Aleksander"]
[Result "1/2-1/2"]
[WhiteElo "2460"]
[BlackElo "2550"]
[PlyCount "37"]
[EventDate "1990.04.??"]
[EventType "swiss"]
[EventRounds "9"]
[EventCountry "USA"]
[SourceTitle "CBM 016 Extra"]
[Source "ChessBase"]
[SourceDate "1990.07.01"]
[SourceVersion "1"]
[SourceVersionDate "1990.07.01"]
[SourceQuality "1"]

1. e4 c5 2. Nf3 d6 3. d4 cxd4 4. Nxd4 Nf6 5. Nc3 a6 6. Be2 e6 7. 0-0 Be7 8. f4 0-0 9. Bf3 Qc7 10. Be3 Re8 11. Qd2 e5 12. Nf5 Bxf5 13. exf5 Nbd7 14. Nd5 Nxd5 15. Bxd5 Nf6 16. Bb3 d5 17. fxe5 Bc5 18. Bxc5 Qxc5+ 19. Qf2 1/2-1/2

[Event "New York op"]
[Site "New York"]
[Date "1990.??.??"]
[Round "7"]
[White "Djuric, Stefan"]
[Black "Byrne, Robert Eugene"]
[Result "0-1"]
[WhiteElo "2495"]
[BlackElo "2460"]
[PlyCount "64"]
[EventDate "1990.04.??"]
[EventType "swiss"]
[EventRounds "9"]
[EventCountry "USA"]
[SourceTitle "CBM 016 Extra"]
[Source "ChessBase"]
[SourceDate "1990.07.01"]
[SourceVersion "1"]
[SourceVersionDate "1990.07.01"]
[SourceQuality "1"]

1. d4 Nf6 2. c4 g6 3. Nc3 Bg7 4. e4 d6 5. Nf3 0-0 6. Be2 e5 7. 0-0 Nc6 8. d5 Ne7 9. b4 Nh5 10. c5 f5 11. exf5 gxf5 12. Ng5 Nf6 13. Qb3 h6 14. cxd6 cxd6 15. Ne6 Bxe6 16. dxe6 d5 17. Bb2 Qb6 18. Na4 Qd6 19. Nc5 b6 20. f4 bxc5 21. fxe5 Qb6 22. exf6 c4+ 23. Kh1 cxb3 24. fxg7 Rfc8 25. Bh5 Qxe6 26. Rae1 Qd6 27. axb3 d4 28. Rd1 d3 29. Rfe1 Rc2 30. Be5 Qxb4 31. Bf3 d2 32. Re3 Rc1 0-1